| 000 | 00592nam a2200193Ia 4500 | ||
|---|---|---|---|
| 003 | GCL | ||
| 008 | 140319s9999 xx 000 0 ara d | ||
| 040 |
_aGCL / _cGCL |
||
| 082 | 0 | 4 |
_a252.29 _bو ا |
| 100 | 1 | _aوحيد بن عبدالسلام بالى | |
| 245 | 1 | 0 |
_aالامور الميسرة لقيام الليل / _cوحيد بن عبدالسلام بالى |
| 260 |
_a[S.N] : _bمكتبة التابعين ، _c1992 |
||
| 300 | _a60 ص | ||
| 490 | _a | ||
| 650 | 0 | 4 | _aالاسلام - عبادات |
| 650 | 0 | 4 | _aصلاة التطوع |
| 650 | 0 | 4 | _aالصلاة |
| 942 |
_2ddc _cBK |
||
| 999 |
_c55044 _d55044 |
||